| 000 | 00877nam a2200289 i 4500 | ||
|---|---|---|---|
| 999 |
_c200444374 _d62586 |
||
| 001 | 200444374 | ||
| 003 | TR-AnTOB | ||
| 005 | 20230310083338.0 | ||
| 007 | ta | ||
| 008 | 960311s1973 tu d 000 0 tur | ||
| 035 | _a(TR-AnTOB)200444374 | ||
| 040 |
_aTR-AnTOB _beng _erda _cTR-AnTOB |
||
| 041 | 0 | _atur | |
| 050 | 4 |
_aTK4660 _b.E44 1973 |
|
| 090 |
_aTK4660 _b.E44 1973 |
||
| 245 | 0 | 0 |
_aElektrod sarfiyat çizelgeleri : _bproje için, şantiyeler için, fabrikalar için. |
| 246 | 3 | 3 | _aElektrot sarfiyat çizelgeleri. |
| 264 | 1 |
_aİstanbul : _bDerlikon, _c1973. |
|
| 300 |
_a76 pages : _btables ; _c24 cm |
||
| 336 |
_atext _btxt _2rdacontent |
||
| 337 |
_aunmediated _bn _2rdamedia |
||
| 338 |
_avolume _bnc _2rdacarrier |
||
| 650 | 7 |
_aElektrik kaynağı _xElektrotlar _2etuturkob _9133239 |
|
| 942 |
_2lcc _cBK |
||